| 000 | 00359 a2200157 4500 | ||
|---|---|---|---|
| 001 | 187363 | ||
| 020 | _a85-7272-155-X | ||
| 040 | _cMagnum | ||
| 100 | _aSouza, Flavio de | ||
| 240 | 1 | 0 |
_aO ca(u)so do colar arco-iris _lpor |
| 245 | 1 | 0 | _aO ca(u)so do colar arco-iris |
| 300 | _a62 | ||
| 362 | 0 | _a2002 | |
| 697 | _aLITERATURA INFANTO-JUVENIL | ||
| 942 | _cBK | ||
| 999 |
_c187363 _d187363 |
||